Law of evidence: (Record no. 181389)
[ view plain ]
| 000 -LEADER | |
|---|---|
| fixed length control field | 00941nam a22002177a 4500 |
| 005 - DATE AND TIME OF LATEST TRANSACTION | |
| control field | 20210910114954.0 |
| 010 ## - LCCN (DPL NO) | |
| LC control number | ENG-129907-129908 |
| 020 ## - INTERNATIONAL STANDARD BOOK NUMBER | |
| International Standard Book Number | 978-93-8999-147-5 |
| Terms of availability | 5995.00( vol.2) |
| 035 ## - SYSTEM CONTROL NUMBER | |
| System control number | EN-113439 -40 |
| 037 ## - SOURCE OF ACQUISITION | |
| Source of stock number/acquisition | DBAD/PUB |
| 082 ## - DEWEY DECIMAL CLASSIFICATION NUMBER | |
| Classification number | 345.45 |
| 100 ## - MAIN ENTRY--PERSONAL NAME | |
| Personal name | Sarkar,Sudipto |
| 245 ## - TITLE STATEMENT | |
| Title | Law of evidence: |
| Statement of responsibility, etc | by Sudipto Sarkar,V. Kesava Rao |
| Remainder of title | In India,Pakistan,Bangladesh Burma,ceylon, Malaysia & Singapore// |
| 250 ## - EDITION STATEMENT | |
| Edition statement | 20th ed. |
| 260 ## - PUBLICATION, DISTRIBUTION, ETC. (IMPRINT) | |
| Name of publisher, distributor, etc | Lexis Nexis |
| Place of publication, distribution, etc | India |
| Date of publication, distribution, etc | 2021 |
| 270 ## - ADDRESS | |
| City | Gurgaon |
| Postal code | 122002 |
| Address | 14th Floor , Building No 10, Tower-B, DLF Cyber City, phase -ll |
| Telephone number | +91 124 4774444 |
| Fax number | +91 124 4774100 |
| Electronic mail address | help.in@lexisnexis.com |
| 300 ## - PHYSICAL DESCRIPTION | |
| Extent | v.p. |
| Dimensions | 25cm(hbk) |
| Other physical details | vol.1-2 |
| 500 ## - GENERAL NOTE | |
| General note | vol.1(sections 1 to 100)<br/>vol.2(sections 101 to 167 & appendices)<br/><br/><br/><br/><br/><br/><br/><br/><br/><br/><br/><br/><br/><br/><br/><br/><br/><br/><br/><br/><br/><br/><br/><br/><br/><br/><br/><br/><br/><br/><br/><br/><br/><br/><br/><br/><br/><br/><br/><br/><br/><br/><br/><br/><br/><br/><br/> |
| 700 ## - ADDED ENTRY--PERSONAL NAME | |
| Personal name | Rao,V.Kesava |
| 942 ## - ADDED ENTRY ELEMENTS (KOHA) | |
| Source of classification or shelving scheme | Dewey Decimal Classification |
| Item type | English Books |
| Classification part | 345.45 |
| Call number suffix | SAR |
| Withdrawn status | Lost status | Materials specified (bound volume or other part) | Not for loan | Collection code | Home library | Current library | Date acquired | Source of acquisition | Cost, normal purchase price | Full call number | Barcode | Copy number | Cost, replacement price | Koha item type |
|---|---|---|---|---|---|---|---|---|---|---|---|---|---|---|
| vol.1 | Reference | Central Library | Central Library | 10/09/2021 | DBAD/PUB | 2997.50 | 345.45 SAR | EN-113439 | 1 | 2997.50 | English Books | |||
| vol.2 | Reference | Central Library | Central Library | 10/09/2021 | DBAD/PUB | 2997.50 | 345.45 SAR | EN-113440 | 1 | 2997.50 | English Books |
